01166 a2200217 4500003000500000005001700005010001600022020002800038040000900066082001600075245008400091260004300175300003400218440006000252505043500312650004100747650003400788700002200822700001500844856008900859Nust20221210104634.0 a 00057149 a0849336929 (alk. paper) cNust00a621.382,THE04aThe transform and data compression handbook /cedited by K.R. Rao and P.C. Yip. aBoca Raton, Fla. :bCRC Press,cc2001. axix, 388 p. :bill. ;c24 cm. 4aThe electrical engineering and signal processing series aKarhunen Loeve Transform (Page-1), The Discrete Fourier Transform (Page-37), Comparametric Transforms For Transmitting Eye Tap Video With Picture Transfer Protocol (Page-79), Discrete Cosine and Sine Transforms (Page-117), Lapped Transforms For Image Compression (Page-197), Wavelet Based Image Compression (Page-267), Fractal Based Image And Video Compression (Page-313), Compression Of Wavelet Transform Coefficients (Page-347). 0aData compression (Telecommunication) 0aTelecommunication Engineering1 aRao, K. Ramamohan1 aYip, P. C.423Publisher descriptionuhttp://www.loc.gov/catdir/enhancements/fy0646/00057149-d.html